Elementos del arte de teñir / (Record no. 152028)

MARC details
000 -LEADER
campo de control de longitud fija 00885nam a22002175i 4500
001 - NÚMERO DE CONTROL
campo de control 152028
003 - IDENTIFICADOR DE NÚMERO DE CONTROL
campo de control ES-MaACL
005 - FECHA Y HORA DE LA ÚLTIMA TRANSACCIÓN
campo de control 20250813063331.0
008 - DATOS DE LONGITUD FIJA--INFORMACIÓN GENERAL
campo de control de longitud fija 960117s1795 sp |||| | spa d
040 ## - FUENTE DE CATALOGACIÓN
Centro catalogador/agencia de origen EUS
Lengua de catalogación spa
Centro/agencia transcriptor EUS
100 1# - ENTRADA PRINCIPAL--NOMBRE DE PERSONA
Nombre de persona Berthollet, Claude Louis,
Títulos y otros términos asociados al nombre Comte de
9 (RLIN) 125963
245 10 - MENCIÓN DEL TÍTULO
Título Elementos del arte de teñir /
Mención de responsabilidad, etc. escritos en francés por Monsieur Berthollet ... ; traducidos al castellano con adiciones por D. Domingo Garcia Fernandez.
260 ## - PUBLICACIÓN, DISTRIBUCIÓN, ETC.
Lugar de publicación, distribución, etc. Madrid :
Nombre del editor, distribuidor, etc. en la Imprenta Real,
Fecha de publicación, distribución, etc. 1795.
300 ## - DESCRIPCIÓN FÍSICA
Extensión 2 v. ;
Dimensiones 21 cm.
597 ## - NOTA DE DESCRIPCIÓN FÍSICA
NOTA DE DESCRIPCIÓN FÍSICA Sign. : [ ]1, a-c8, d2, A-R8, S7, T-Y8, Z2 --- []3, A-Z8, 2A8, 2B2.
650 #4 - PUNTO DE ACCESO ADICIONAL DE MATERIA--TÉRMINO DE MATERIA
Término de materia o nombre geográfico como elemento de entrada Fibras textiles-
Subdivisión general Teñido-
Subdivisión de forma Obras anteriores a 1800.
9 (RLIN) 156955
700 0# - ENTRADA AGREGADA--NOMBRE PERSONAL
Nombre de persona García-Fernández, Domingo.
9 (RLIN) 54594
852 ## - LOCALIZACIÓN
Ubicación ES-MaACL
Número de control de estantería R-1186-87
Nota libre -- Enc. hol.
Encuadernación Olim: G-8965-66
Holdings
Estatus retirado Estado de pérdida Estado de daño No para préstamo Colección Biblioteca de origen Biblioteca actual Ubicación en estantería Fecha de adquisición Total de préstamos Signatura topográfica completa Código de barras Visto por última vez Precio de reemplazo Tipo de ítem Koha
        Libros del s. XVIII Biblioteca del Ateneo de Madrid Biblioteca del Ateneo de Madrid Depósito 17/01/2008   R-1186-87 1158688 23/02/2023 23/02/2023 Libro impreso antiguo